| 000 | 00572nam a22001337a 4500 | ||
|---|---|---|---|
| 008 | 230525b |||||||| |||| 00| 0 eng d | ||
| 040 |
_aNational Science Library _cNational Science Library |
||
| 080 |
_a334.724(540)(048.8) _bN2 |
||
| 245 |
_aPublic enterprises survey 1991-92: _c/ Ministry of Industry _bAnnual report on the working of industrial and commercial undertakings of the central government |
||
| 260 |
_aNew Delhi: _bMinistry of Industry, _c1992 |
||
| 500 | _aVol.1; vi, 208p. Vol.2; vii, 312p. Vol. 3; vii, 714p. | ||
| 650 | _aEnterprises | ||
| 942 |
_2udc _cREP |
||
| 999 |
_c34710 _d34710 |
||